| 000 | 00746nam a2200229 a 4500 | ||
|---|---|---|---|
| 001 | BRL_1625 | ||
| 005 | 20190320211309.0 | ||
| 008 | 060116s1979----mx-a######---#000-0#spa-# | ||
| 041 | _aspa | ||
| 044 | _amx | ||
| 050 | 4 |
_aF1386 _b.G66 1979 |
|
| 100 | 1 |
_aGonzález Obregón, Luis _d1865-1938 _97954 |
|
| 245 | 1 | 0 |
_aLa vida de México en 1810 _cLuis González Obregón. |
| 260 |
_aMéxico _bInnovación _c1979 |
||
| 300 |
_a108 p. _bil. (blanco y negro) _c21 cm. |
||
| 500 | _aAu1891 | ||
| 500 | _aVer también número de sistema 3505 perteneciente al Fondo General Franz Mayer | ||
| 651 | 4 |
_aCiudad de México _xDescripción y viajes _92418 |
|
| 651 | 4 |
_aCiudad de México _xVida social y costumbres _927478 |
|
| 902 | _aGRL | ||
| 942 |
_2lcc _cB |
||
| 999 |
_c10434 _d10434 |
||